Fr. Conceicao Rodrigues College of Engineering

Intelligent Instrumentation (Record no. 30733)

MARC details
000 -LEADER
fixed length control field 00362nam a2200157Ia 4500
082 ## - DEWEY DECIMAL CLASSIFICATION NUMBER
Classification number 621.3
Item number Bar
100 ## - MAIN ENTRY--PERSONAL NAME
Personal name Barney/G.C
245 ## - TITLE STATEMENT
Title Intelligent Instrumentation
260 ## - PUBLICATION, DISTRIBUTION, ETC.
Name of publisher, distributor, etc. Prentice Hall of India
Place of publication, distribution, etc. NEW DELHI
Date of publication, distribution, etc. 1988
300 ## - PHYSICAL DESCRIPTION
Extent 532
546 ## - LANGUAGE NOTE
Language note ENGLISH
650 ## - SUBJECT ADDED ENTRY--TOPICAL TERM
Topical term or geographic name entry element Electrical Engineering
654 ## - SUBJECT ADDED ENTRY--FACETED TOPICAL TERMS
Focus term Instrumentation
942 ## - ADDED ENTRY ELEMENTS (KOHA)
Koha item type BOOK
Holdings
Withdrawn status Lost status Damaged status Not for loan Collection Home library Current library Shelving location Date acquired Total Checkouts Full call number Barcode Date last seen Price effective from Koha item type
        AFT Fr. Agnel's C.Rodrigues College of Engineering Fr. Agnel's C.Rodrigues College of Engineering   17/03/2023   621.3 Bar AFT5575 17/03/2023 17/03/2023 BOOK